El desarrollo social del niño y del adolescente
Saved in:
| Hovedforfatter: | |
|---|---|
| Format: | Bog |
| Sprog: | spansk |
| Udgivet: |
Barcelona
Herder
1977
|
| Udgivelse: | 4a. ed |
| Serier: | Biblioteca de Psicología, 1
|
| Fag: | |
| Tags: |
Tilføj Tag
Ingen Tags, Vær først til at tagge denne postø!
|
MARC
| LEADER | 00000nam a2200000 a 4500 | ||
|---|---|---|---|
| 001 | UCZ6513 | ||
| 003 | CL-VaPUC | ||
| 008 | 951211e19770000SP |||||||||||||||||spa|d | ||
| 082 | 0 | 4 | |a 301.055 |b REY |2 21 |
| 100 | 0 | |a Reymond Rivier, Berthe |e author |9 350855 | |
| 245 | 1 | 3 | |a El desarrollo social del niño y del adolescente |
| 250 | |a 4a. ed | ||
| 300 | |a 277 p | ||
| 942 | |c BK | ||
| 945 | |d 19951211 00:00:00 |a cmena | ||
| 260 | |a Barcelona |b Herder |c 1977 | ||
| 650 | 0 | |a Interacción social |9 307764 | |
| 650 | 0 | |a Niños |9 255605 | |
| 650 | 0 | |a Adolescentes |9 308058 | |
| 650 | 0 | |a Aspectos sociales |9 254894 | |
| 650 | 7 | |a GRUPOS |2 CL-VaPUC |9 336429 | |
| 650 | 0 | |a Psicología del desarrollo |9 307541 | |
| 583 | |a last modification |c 20180514 09:18:12 |k Rodrigo Vera | ||
| 490 | 0 | |a Biblioteca de Psicología, 1 | |
| 999 | |c 242712 |d 242710 | ||
| 952 | |0 0 |1 0 |4 0 |6 301_055000000000000_REY_1977 |7 0 |8 P |9 255839 |a BIBEDU |b BIBEDU |c BIBEDU_PB |d 2019-11-19 |i 1604732 |o 301.055 REY 1977 |p 1604732 |r 2024-01-25 |w 2019-11-19 |y BK |k EDU | ||